| 000 | 00685 a2200121 4500 | ||
|---|---|---|---|
| 020 | _a0784408262 | ||
| 082 | _a624.1821 ASC | ||
| 245 |
_aComposite construction in steel and concrete V : _bproceedings of the 5th international conference : July 18-23, 2004, Kruger National Park, Berg-en-Dal, Mpumalanga, South Africa / _csponsored by United Engineering Foundation, Inc., Structural Engineering Institute of the American Society of Civil Engineers ; edited by Roberto T. Leon, Jörg Lange. |
||
| 260 |
_aReston, Va. : _bAmerican Society of Civil Engineers, _cc2006. |
||
| 300 |
_ax, 722 p. : _bill. ; _c22 cm. |
||
| 650 | _aComposite construction | ||
| 650 | _aBuilding, Iron and steel | ||
| 650 | _aConcrete construction | ||
| 999 |
_c1291 _d1291 |
||